000 00704nam a2200193Ia 4500
003 GCL
005 20240530102700.0
008 140319s9999 xx 000 0 ara d
040 _aGCL /
_cGCL
082 0 4 _aش ف
_b791.43
_bف أ
100 1 _aفطين عبدالوهاب
245 1 0 _aاسماعيل يس فى الاسطول (شرائط فيديو) /
_cفطين عبدالوهاب
260 _aالقاهرة :
_bافلام جمال الليثى للسينما والفيديو ،
_c1960
300 _a1 شريط:
_bس ، ب ؛
_c1\2 بوصة
650 0 4 _aالافلام العربية
650 0 4 _aالفيديو، أشرطة
650 0 4 _aالتسجيلات المرئية
942 _2ddc
_cVM
999 _c33959
_d33959